Former Nuclear Weapon Possessors - Statistics

General Stats
  • This quiz has been taken 28 times
  • The average score is 4 of 6
Answer Stats
Estimated Peak Weapon Count Country Peak Year % Correct
6 South Africa 1989
76%
40,159 Soviet Union 1986
76%
2,321 Ukraine 1991
72%
81 Belarus 1991
64%
1,410 Kazakhstan 1991
64%
40 Lithuania 1991
28%
No matching quizzes found
Score Distribution
Percent of People with Each Score
Percentile by Number Answered
Your Score History
You have not taken this quiz